ՀՀ Գիտությունների ազգային ակադեմիայի հիմնարար գիտական գրադարան  =   Fundamental Scientific Library of NAS RA

Կախականջիկը / (Record no. 141605)

MARC details
000 -LEADER
fixed length control field 00785nam a2200205 a 4500
001 - CONTROL NUMBER
control field 000370538
003 - CONTROL NUMBER IDENTIFIER
control field AM-YeHGA
005 - DATE AND TIME OF LATEST TRANSACTION
control field 20250618072255.0
008 - FIXED-LENGTH DATA ELEMENTS--GENERAL INFORMATION
fixed length control field 041018s1910 ai 000 | arm d
040 ## - CATALOGING SOURCE
Original cataloging agency AM-YeHGA
041 1# - LANGUAGE CODE
Language code of text/sound track or separate title arm
Language code of original eng
090 ## - LOCALLY ASSIGNED LC-TYPE CALL NUMBER (OCLC); LOCAL CALL NUMBER (RLIN)
-- 142985
100 1# - MAIN ENTRY--PERSONAL NAME
Personal name Սէտօն-Տօմպսօն, Էրնստ
245 10 - TITLE STATEMENT
Title Կախականջիկը /
Statement of responsibility, etc. Է. Սէտօն-Տօմպսօն; Թարգմ.՝ Ստ. Լիսիցեան.
260 ## - PUBLICATION, DISTRIBUTION, ETC.
Place of publication, distribution, etc. Թիֆլիս :
Name of publisher, distributor, etc. տպ. Ն. Աղանեանցի,
Date of publication, distribution, etc. 1910.
300 ## - PHYSICAL DESCRIPTION
Extent 32 էջ :
Other physical details նկ. ;
Dimensions 20 սմ.
440 #0 - SERIES STATEMENT/ADDED ENTRY--TITLE
Title "Հասկեր" ամսագրի հրատ.
Volume/sequential designation 16
650 14 - SUBJECT ADDED ENTRY--TOPICAL TERM
Topical term or geographic name entry element Ամերիկյան մանկական գրականություն
General subdivision Հեքիաթ
700 1# - ADDED ENTRY--PERSONAL NAME
Personal name Լիսիցյան, Ստեփան Դանիելի,
Dates associated with a name 1865-1947
Relator term թարգմ.
Relationship trl
9 (RLIN) 1382
Holdings
Withdrawn status Lost status Damaged status Not for loan Collection Home library Current library Date acquired Total checkouts Full call number Barcode Date last seen Price effective from Koha item type Public note Cost, replacement price
        General Fundamental Scientific Library Fundamental Scientific Library 22/12/2016   820.1-93 220050139 22/12/2016 22/12/2016 Գրքեր / Books 30 Days Loan  
        General Fundamental Scientific Library Fundamental Scientific Library 22/12/2016   AII/21268 FL0006370 22/12/2016 22/12/2016 Գրքեր / Books 30 Days Loan 20.00
        General Fundamental Scientific Library Fundamental Scientific Library 22/12/2016   AII/21269 FL0006371 22/12/2016 22/12/2016 Գրքեր / Books 30 Days Loan 20.00
        General Fundamental Scientific Library Fundamental Scientific Library 22/12/2016   AII/21270 FL0006241 22/12/2016 22/12/2016 Գրքեր / Books 30 Days Loan 20.00


ՀՀ ԳԱԱ հիմնարար գիտական գրադարան
ՀՀ,Երևան 0019
Մարշալ Բաղրամյան 24/6
հեռախոս:(374-10) 52-47-50
Հետադարձ կապ

All site content, except where otherwise noted, is licensed under a
Creative Commons License